| 000 | 01789nam a2200241Ia 4500 | ||
|---|---|---|---|
| 008 | 260220t2014||||xx |||||||||||||| ||spa|| | ||
| 020 | _a8493363111 | ||
| 040 |
_aPY-SlUNAC _bspa _erda |
||
| 041 | _aspa | ||
| 082 |
_a519.5 _bEj36e |
||
| 245 | 0 | _aEjercicios resueltos de inferencia estadística y del modelo lineal simple | |
| 264 |
_aMadrid : _bDelta, _c℗2014. |
||
| 300 | _a1 volumen | ||
| 520 | _aEl libro "Ejercicios resueltos de inferencia estadística y del modelo lineal simple" es una herramienta didáctica que aborda de manera práctica los conceptos fundamentales de la inferencia estadística y el análisis del modelo lineal simple. A través de una serie de ejercicios resueltos, el texto permite a los estudiantes y profesionales comprender y aplicar técnicas estadísticas en diversas situaciones reales. Cada capítulo se centra en un tema específico, proporcionando explicaciones teóricas breves seguidas de ejemplos prácticos que ilustran el uso de métodos como la estimación de parámetros, pruebas de hipótesis y análisis de regresión. La obra también enfatiza la interpretación de resultados y la importancia de la toma de decisiones informadas basada en datos. Con un enfoque claro y accesible, este libro se convierte en un recurso valioso para aquellos que buscan fortalecer sus habilidades en estadística y mejorar su capacidad para analizar datos de manera efectiva, facilitando así el aprendizaje autónomo y la aplicación en contextos académicos y profesionales. | ||
| 653 | _aEstadística | ||
| 653 | _aInferencia estadística | ||
| 653 | _aModelos estadísticos | ||
| 942 |
_b2026/02/17 _cBK |
||
| 999 |
_c7653 _d7653 |
||